000 00375nam a2200157Ia 4500
008 240729s9999 xx 000 0 und d
022 _a2391-5471
245 0 _aOpen Physics
260 _aPoland
260 _bDe Gruyter
650 _a Physics
650 _aScience
856 _uhttps://doaj.org/toc/9b8cebc3db6c4dbd8b21fca77e2a6a99
942 _2ddc
942 _cDOAJEJ
999 _c68794
_d68794
945 _a1
_bMadushi Gamage
_c1
_dMadushi Gamage